Relaciones entre el derecho al ambiente sano, el deber de conservar la diversidad e integridad del ambiente y el desarrollo de los derechos humanos (Registro nro. 20268)
[ vista simple ]
| 000 -CABECERA | |
|---|---|
| Campo de control | 01062nam a2200253 a 4500 |
| 005 - FECHA Y HORA DE LA ULTIMA TRANSACCION | |
| Campo de control | 20200104041803.0 |
| 008 - ELEMENTOS DE LONGITUD FIJA—INFORMACION GENERAL | |
| Campo de control | 180724s2018 ck o||||r|||| 00| 0 spa d |
| 020 ## - ISBN | |
| ISBN | 9789588901770 |
| 040 ## - FUENTE DE CATALOGACIÓN | |
| Agencia catalogadora original | CO-BoIAVH |
| Agencia transcriptora | CO-BoIAVH |
| 041 0# - IDIOMA | |
| Código de idioma para texto/pista de sonido o título separado | Español |
| 044 ## - PAÍS DE PUBLICACIÓN | |
| País de publicación | Colombia |
| 082 04 - NUMERO DE CLASIFICACION DECIMAL DEWEY | |
| Número de clasificación | 344.046 |
| Número del ítem | R27d |
| 245 00 - MENCION DE TITULO | |
| Título | Relaciones entre el derecho al ambiente sano, el deber de conservar la diversidad e integridad del ambiente y el desarrollo de los derechos humanos |
| 260 ## - PUBLICACION, DISTRIBUCION, ETC. (PIE DE IMPRENTA) | |
| Lugar de publicación, distribución, etc. | Bogotá (Colombia) : |
| Nombre del editor, distribuidor, etc. | Ministerio de Ambiente y Desarrollo Sostenible, |
| Fecha de publicación, distribución, etc. | 2018. |
| 300 ## - DESCRIPCION FISICA | |
| Extensión | 120 páginas : |
| Otros detalles físicos | ilustraciones y fotografías a color ; |
| Dimensiones | 21 x 16 cm. |
| 650 24 - ASIENTO SECUNDARIO DE MATERIA - TERMINO TEMATICO | |
| Término temático o nombre geográfico como elemento de entrada | Derecho ambiental. |
| 9 (RLIN) | 97274 |
| 650 26 - ASIENTO SECUNDARIO DE MATERIA - TERMINO TEMATICO | |
| Término temático o nombre geográfico como elemento de entrada | Protección ambiental |
| Subdivisión general | Legislación medioambiental |
| 9 (RLIN) | 91899 |
| 650 26 - ASIENTO SECUNDARIO DE MATERIA - TERMINO TEMATICO | |
| Término temático o nombre geográfico como elemento de entrada | Biodiversidad |
| 9 (RLIN) | 92204 |
| 650 26 - ASIENTO SECUNDARIO DE MATERIA - TERMINO TEMATICO | |
| Término temático o nombre geográfico como elemento de entrada | Derechos humanos |
| 9 (RLIN) | 91901 |
| 710 2# - ASIENTO SECUNDARIO - NOMBRE CORPORATIVO | |
| Nombre corporativo o de jurisdicción como elemento de entrada | Ministerio de Ambiente y Desarrollo Sostenible |
| 9 (RLIN) | 91902 |
| 710 2# - ASIENTO SECUNDARIO - NOMBRE CORPORATIVO | |
| Nombre corporativo o de jurisdicción como elemento de entrada | Defensoría del Pueblo de Colombia |
| 9 (RLIN) | 3149 |
| 710 2# - ASIENTO SECUNDARIO - NOMBRE CORPORATIVO | |
| Nombre corporativo o de jurisdicción como elemento de entrada | Instituto de Investigación de Recursos Biológicos Alexander von Humboldt |
| 9 (RLIN) | 204 |
| 942 ## - ELEMENTOS ADICIONALES (KOHA) | |
| Sistema de clasificación | Dewey Decimal Classification |
| Tipo de ítem | Libro |
| Withdrawn status | Lost status | Sistema de Clasificación | Damaged status | No para préstamo | Colección | Inventariado | Ubicación Permanente | Ubicación actual | Fecha de adquisición | Total Checkouts | Número topográfico | Inventario / Código de Barras | Date last seen | Ejemplar | Price effective from | Forma de adquisición | Tipo de material |
|---|---|---|---|---|---|---|---|---|---|---|---|---|---|---|---|---|---|
| Dewey Decimal Classification | General | Inventariado 2018 | Bogotá | Bogotá | 24/07/2018 | LB-344.046 R27d | 030292 | 24/07/2018 | Ej. 1 | 24/07/2018 | Donación | Libro | |||||
| Local | Recursos electrónicos | Inventariado 2018 | Bogotá | Bogotá | 24/07/2018 | MM- | 030293 | 24/07/2018 | Ej. 1 | 24/07/2018 | Donación | CD-ROM |